Normal view
MARC view
- الادخار- الاستثمار- التوفير
Entry Topical Term
001 - CONTROL NUMBER
- control field: 14419
003 - CONTROL NUMBER IDENTIFIER
- control field: JO-AjAnu
005 - DATE AND TIME OF LATEST TRANSACTION
- control field: 20230606072613.0
008 - FIXED-LENGTH DATA ELEMENTS
- fixed length control field: 230606|| aca||aabn | a|a d
040 ## - CATALOGING SOURCE
- Original cataloging agency: JO-AjAnu
- Transcribing agency: JO-AjAnu
150 ## - HEADING--TOPICAL TERM
- Topical term or geographic name entry element: الادخار- الاستثمار- التوفير
670 ## - SOURCE DATA FOUND
- Source citation: Work cat.: (JO-AjAnu)7408: تاليف غانم، عبدالله عبد الغني, author 14418, التبادل وعمليات الإستثمار والإدخار في المجتمع المحلي التقليدي والحضري: دراسة مقارنة في الانثروبولوجيا الاقتصادية